00597nam a2200205Ia 450000500170000000800410001702000180005808200190007610000190009524500480011426000440016230000120020665000120021865000200023065000120025065000130026294200060027595200950028199900150037620250224022717.0240331s9999 xx 000 0 und d a9789551857103 bSAT26540a954 aSathiaseelan,S 0aElankyth Thamilar Varalatrin Sila Pakkangal aColombobChemamadu Poththakasalaic2008 a180 p., aHistory aSri Lanka Tamil aCulture aReligion cL 001040708LaWERCLbWERCLcSSCd2024-03-31l0o 954 SATp6540r2024-03-31w2024-03-31yL c4708d4708